000 01183cam a2200373Ia 4500
001 91177
005 20230411090049.0
008 940418s1994 fr a 000 1 fre d
035 _a(OCoLC)ocm30207201
040 _aBRU
_bfre
_cBRU
_dOCLCQ
_dSXC
020 _a2070387801
020 _a9782070387809
029 1 _aNZ1
_b12256060
029 1 _aZWZ
_b003176959
035 _a(OCoLC)30207201
041 0 _aengfre
082 0 4 _a820
049 _aGRAL
100 1 _aOrwell, George,
_d1903-1950.
240 1 0 _aAnimal farm.
_lfranðcais
245 1 0 _aAnimal farm =
_bLa ferme des animaux /
_cGeorge Orwell ; traduit de l'anglais par Jean Quâeval ; prâeface et notes par Yann Yvinec.
260 _aParis :
_bGallimard,
_cc1994.
300 _a269 p. :
_bill. ;
_c18 cm.
490 0 _aFolio bilingue ;
_v38
500 _aTrad. : Animal farm.
520 _aL'histoire des animaux oáu "Tous les animaux sont âegaux, mais certains sont plus âegaux que d'autres."--p. [13].
650 0 _aFrench language materials.
700 1 _aQuâeval, Jean.
700 1 _aYvinec, Yann.
740 0 1 _aFerme des animaux.
942 _2lcc
_cbk
946 _aAFJ
994 _aC0
_bDRFGD
999 _c111839
_d111839